| 000 | 00508nam a2200205Ia 4500 | ||
|---|---|---|---|
| 003 | OSt | ||
| 005 | 20230503160303.0 | ||
| 008 | 210423s2009 xx 000 0 und d | ||
| 020 | _a9780333918333 | ||
| 040 | _cAL | ||
| 041 | _aeng | ||
| 082 |
_a530.41 DEKA _223 |
||
| 100 |
_aDEKKER (Adrianus J). _995011 |
||
| 245 | _aSolid state physics. | ||
| 260 |
_aNew Delhi _bMacmillan India Ltd _c2009 |
||
| 300 |
_axiv,540 _bPB |
||
| 365 |
_b285 _cINR |
||
| 906 | _aphysics. ; Solid ; state | ||
| 942 |
_2ddc _cBK |
||
| 999 |
_c161969 _d161969 |
||